logo

Bir Sreshtho Munshi Abdur Rouf Library
Jhenaidah Cadet College

The United Nations as a political institution. (Record no. 9896)

MARC details
000 -LEADER
fixed length control field 00818cam a22002891 4500
001 - CONTROL NUMBER
JCCL Control Number 9896
003 - CONTROL NUMBER IDENTIFIER
JCCL marc code BD-JhCC
005 - DATE AND TIME OF LATEST TRANSACTION
control field 20180403102059.0
008 - FIXED-LENGTH DATA ELEMENTS--GENERAL INFORMATION
fixed length control field 770126s1962 enk b 000 0 eng
035 ## - SYSTEM CONTROL NUMBER
system control number (BD-JhCC)9896
040 ## - CATALOGING SOURCE
Original cataloging agency DLC
Transcribing agency IEN
Modifying agency DLC
041 ## - LANGUAGE CODE
Language code of Book eng
050 00 - LIBRARY OF CONGRESS CALL NUMBER
Classification number JX1977
Item number .N45 1962
082 ## - DEWEY DECIMAL CLASSIFICATION NUMBER
Classification number 341.13
Author mark and Year NIC 1962
100 1# - MAIN ENTRY--PERSONAL NAME
Personal name Nicholas, H. G.
Fuller form of name (Herbert George),
Dates associated with a name 1911-
245 14 - TITLE STATEMENT
Title The United Nations as a political institution.
250 ## - EDITION STATEMENT
Edition statement 2d ed.
260 ## - PUBLICATION, DISTRIBUTION, ETC. (IMPRINT)
Place of publication, distribution, etc London,
Name of publisher, distributor, etc Oxford University Press,
Date of publication, distribution, etc 1962.
300 ## - PHYSICAL DESCRIPTION
Pagination 232 p.
Dimensions 20 cm.
490 0# - SERIES STATEMENT
Series statement Oxford paperbacks, 57
500 ## - GENERAL NOTE
General note "Chapter of the United Nations": p. [196]-226.
504 ## - BIBLIOGRAPHY, ETC. NOTE
Bibliography, etc Bibliography: p. [192]-195.
610 20 - SUBJECT ADDED ENTRY--CORPORATE NAME
Corporate name or jurisdiction name as entry element United Nations.
710 2# - ADDED ENTRY--CORPORATE NAME
Corporate name or jurisdiction name as entry element United Nations.
Title of a work Charter.
942 ## - ADDED ENTRY ELEMENTS (KOHA)
Source of classification or shelving scheme Dewey Decimal Classification
Koha item type Books
Holdings
Source of classification or shelving scheme Damaged status Not for loan Home library Current library Shelving location Date of accession Total Checkouts Full call number Barcode Date last seen Copy number Koha item type
Dewey Decimal Classification     JCC Rouf Library JCC Rouf Library General Stacks 04/03/2018   341.13 NIC 1962 12643 04/03/2018 C-1 Books

JCC Library | Contacts | JCC Home

Last Update on 23 September 2017
Copyright @ 2017-2020 JCC Rouf Library
Rouf Library, Jhenidah Cadet College (JCC), Bangladesh